La cultura huachaca: o el aporte de la televisión

Saved in:
Bibliografiske detaljer
Hovedforfatter: Huneeus Cox, Pablo (autor)
Format: Bog
Sprog:spansk
Udgivet: Santiago Nueva Generación 1987
Udgivelse:13a. ed
Fag:
Tags: Tilføj Tag
Ingen Tags, Vær først til at tagge denne postø!

MARC

LEADER 00000nam a2200000 a 4500
001 UCT8419
003 CL-VaPUC
008 970326e19870000CL |||||||||||||||||spa|d
082 0 4 |a 306  |b HUN  |2 21 
100 |a Huneeus Cox, Pablo  |e autor  |9 588797 
245 1 3 |a La cultura huachaca: o el aporte de la televisión 
250 |a 13a. ed 
300 |a 160 p 
942 |c BK 
945 |d 19970326 00:00:00  |a rleighto 
260 |a Santiago  |b Nueva Generación  |c 1987 
650 0 |a Sociología   |9 255410 
650 0 |a Cultura popular  |9 307504 
650 0 |a Medios de comunicación de masas  |9 257273 
650 7 |a CULTURA SOCIAL  |2 CL-VaPUC  |9 307505 
583 |a last modification  |c 19970326 00:00:00  |k Rodrigo Vera 
999 |c 256917  |d 256915 
952 |0 0  |1 0  |4 0  |6 306_000000000000000_HUN_1987  |7 0  |8 A  |9 280043  |a BIBGIM  |b BIBGIM  |d 2019-11-19  |i 3277054  |o 306 HUN 1987  |p 3277054  |r 2025-01-15  |w 2019-11-19  |y BK  |k SSL